000 00618nam a2200181Ia 4500
001 10049
003 GE_BSU
008 181216s||||||||xx |||||||||||||| ||und||
040 _cGE_BSU
245 _aსაპატრიარქოს უწყებანი.№22(722)2014.5-11 ივნისი
245 _cრედ:დეკანოზი დავით შარაშენიძე
260 _aთბილისი
260 _c2014
300 _a20გვ.30სმ.
653 _aპერიოდიკა
653 _aსაპატრიარქოს უწყებანი
942 _cCR
999 _c43322
_d43322